00757 2200193 4500001002100000005001500021035002000036245004200056100001700098250001700115300002800132260003100160082001100191084001700202020002200219650001400241650001500255520029300270INLIS00000000000002120240319045015 a0010-03240000211 aIstana Lebah Ratu Bee /cYazidah Ziya0 aYazidah Ziya acetakan ke-1 a32 hlm :bilus ;c24 cm aSolo :bTiga Ananda,c2018 a398.24 a398.24 YAZ i a978-602-366-525-9 4aBuku Anak 4aFiksi Anak aRatu Bee memiliki istana yang sangat indah dan kukuh. Semua itu karena sarangnya kaya propolis, bahan perekat sarang. Suatu hari Ratu Bee mendapat kunjungan dari utusan kerajaan lebah lainnya. Utusan itu bercerita bahwa istananya rapuh. Apa yang akan dilakukan Ratu Bee untuk membantunya?